年度別円盤売り上げトップアニメ - Statistics

General Stats
  • This quiz has been taken 214 times
  • The average score is 4 of 21
Answer Stats
年度 Answer % Correct
2019 鬼滅の刃
79%
2010 けいおん!!
44%
2013 進撃の巨人
39%
2014 ラブライブ!
36%
2011 魔法少女まどかマギカ
26%
2009 化物語
21%
2021 ウマ娘!プリティーダービー2期
21%
2006 コードギアス 反逆のルルーシュ
18%
2016 ラブライブ!サンシャイン!!
18%
2017 けものフレンズ
18%
2022 リコリスリコイル
18%
2003 鋼の錬金術師
13%
2002 機動戦士ガンダムSEED
13%
2004 機動戦士ガンダムSEED DESTINY
13%
2015 おそ松さん
12%
2005 AIR
9%
2008 マクロスF
8%
2018 ゾンビランドサガ
7%
2007 機動戦士ガンダムOO
7%
2012 偽物語
6%
2020 プリンセスコネクト!Re:Dive
2%
No matching quizzes found
Score Distribution
Percent of People with Each Score
Percentile by Number Answered
Your Score History
You have not taken this quiz